000 00769nma a22002057a 4500
005 20210325190620.0
006 g q ||
008 s2545 th tha d
041 _atha
090 _aOCD80
245 1 0 _aฝ่าวิกฤติสงครามก่อการร้าย : ตอนที่ 5 ฆ่าล้างเผ่าพันธุ์ [CD-ROM]
260 3 _aกรุงเทพฯ :
_bแมงป่อง,
_c2545
300 _a1 แผ่นSoundColour
650 0 4 _aการก่อการร้าย -- วิจัย
650 0 4 _aการฆ่าล้างเผ่าพันธุ์
850 _aNALT
942 _cCD
997 _c000000000025959
_kVC
998 _aSANG-AROON ANU-KRAUGH
999 _c25959
_d25959